MARC

LEADER 00000nam0a2200000 4500
001 316275
005 20231102002847.0
020 |a RU  |b 82-13592 
035 |a (RuTPU)RU\TPU\book\341713 
090 |a 316275 
100 |a 20160316d1982 km y0rusy5003 ca 
101 0 |a rus 
102 |a RU 
105 |a a z 000zy 
200 1 |a Руководство по выполнению монтажных сварных соединений металлических пролетных строений мостов  |f Всесоюзный научно-исследовательский институт транспортного строительства (ВНИИТС) ; Академия наук Украинской ССР (АН УССР), Институт электросварки им. Е. О. Патона (ИЭС) ; Ленинградский институт инженеров железнодорожного транспорта (ЛИИЖТ) 
210 |a Москва  |c Изд-во ВПТИтрансстрой  |d 1982 
215 |a 159 с.  |c ил. 
606 1 |a Мостовые конструкции  |2 stltpush  |3 (RuTPU)RU\TPU\subj\44500  |9 63816 
610 1 |a металлические конструкции 
610 1 |a пролетные строения сварные 
610 1 |a монтаж 
610 1 |a сварные соединения 
610 1 |a монтажные соединения 
610 1 |a изготовление 
610 1 |a монтаж 
610 1 |a монтажные приспособления 
610 1 |a руководства 
610 1 |a сварщики 
610 1 |a сварные соединения 
610 1 |a правка 
610 1 |a механическая обработка 
610 1 |a техника безопасности 
675 |a 624.21  |z rus  |v 3 
712 0 2 |a Всесоюзный научно-исследовательский институт транспортного строительства (ВНИИТС)  |c (Москва)  |2 stltpush  |3 (RuTPU)RU\TPU\col\21623 
712 0 2 |a Академия наук Украинской ССР (АН УССР)  |b Институт электросварки им. Е. О. Патона (ИЭС)  |c (Киев)  |2 stltpush  |3 (RuTPU)RU\TPU\col\13726 
712 0 2 |a Ленинградский институт инженеров железнодорожного транспорта (ЛИИЖТ)  |x Ленинград  |z 1809-  |2 stltpush  |3 (RuTPU)RU\TPU\col\8504 
801 0 |a RU  |b RuMRKP  |c 19950704  |g psbo 
801 1 |a RU  |b 63413507  |c 20160316 
801 2 |a RU  |b 63413507  |c 20191121  |g RCR 
942 |c BK